| 000 | 00636nam a2200205Ia 4500 | ||
|---|---|---|---|
| 001 | 10310 | ||
| 003 | GE_BSU | ||
| 008 | 181216s||||||||xx |||||||||||||| ||und|| | ||
| 040 | _cGE_BSU | ||
| 080 | _a821.353.1-32 | ||
| 100 | _aურჯუმელაშვილი,ვანო | ||
| 245 | _aმოთხრობები | ||
| 245 | _cრედ:ქ.თავაძე;მხატვ:.ნ.იანქოშვილი | ||
| 260 | _aთბილისი. | ||
| 260 | _bსაბჭ.საქართველო | ||
| 260 | _c1968 | ||
| 300 | _a374გვ;20სმ. | ||
| 653 | _aმოთხრობები | ||
| 942 | _cBK | ||
| 999 |
_c43577 _d43577 |
||